Zakat dan sikap usahawan /

Main Author: JOHARI Alias, Haji
Format: Book
Institution: Perbadanan Perpustakaan Awam Negeri Perak
Library: Main Library
Record Id / ISBN-0: ppap.43283 / 9679671445
Online Public Access Catalog: Perbadanan Perpustakaan Awam Negeri Perak
Published: Kuala Lumpur : Penerbit Haameem, 1992
Series: Siri muamalah dalam hidup Islam
Subjects:
Tags: Add Tag
No Tags, Be the first to tag this record!
LEADER 00627pam a2200181 4500
001 0000041647
008 010614s9999 000 0
020 |a 9679671445 
082 0 0 |a 297.19  |b JOH 
100 1 |a JOHARI Alias, Haji 
245 1 0 |a Zakat dan sikap usahawan /  |c Haji Johari Alias 
260 |a Kuala Lumpur :  |b Penerbit Haameem,   |c 1992 
300 |a 28p.,   |c 21cm 
490 0 |a Siri muamalah dalam hidup Islam 
650 0 |a Childrens literature,Malay 
942 |2 ddc  |c BK 
999 |c 43283  |d 43283 
952 |0 0  |1 0  |2 ddc  |4 0  |6 297_190000000000000_JOH  |7 0  |9 415812  |a HQ  |b HQ  |c CCC  |d 2014-06-21  |o 297.19 JOH  |p 0000342358  |r 2014-06-21  |w 2014-06-21  |y JBK